000 00982nam a2200241 a 4500
001 000037802
005 20250607073643.0
008 091207s2002 dr 000 0 spa d
040 _aDO-SdBNP
_bspa
_cBNPHU
082 _a344.729304
_bR426L, 2002
110 1 _aRepública Dominicana.
_b Secretaria de Estado de Salud Pública y Asistencia Social (2001)
_956549
240 1 3 _a[ Leyes, etc.]
245 1 0 _aLey general de salud (no. 42-01).
250 _a2a. ed.
260 _aSanto Domingo :
_bSESPAS: CERRSS,
_c2002.
300 _a133 p. ;
_c22 cm.
590 _aInventariado, 2018/VM
650 4 _aSalud pública
_xLegislación
_zRepública Dominicana
_916564
651 4 _aRepública Dominicana
_xLey No. 42-01
_932031
710 1 2 _aRepública Dominicana.
_b Secretaria de Estado de Salud Pública y Asistencia Social (2001)
_956549
710 1 2 _aRepública Dominicana. Comisión Ejecutiva para la Reforma del Sector Salud.
_932032
910 _aValidado. Control de calidad MFF
999 _c37292
_d37292